| 000 | 00572nam a2200217Ia 4500 | ||
|---|---|---|---|
| 008 | 230125s9999 xx 000 0 und d | ||
| 020 | _a8131410285 | ||
| 041 | _aeng | ||
| 082 |
_a658.312 44 _bICF |
||
| 100 | _aICFAI | ||
| 245 | _aCase Studies in human Resource Management : Vol 4 | ||
| 250 | _a1st Ed. | ||
| 260 |
_c2006 _bICFAI publication _aHyderabad |
||
| 300 | _a389p | ||
| 440 | _aICFAI | ||
| 500 | _aHuman resource management;ICFAI Case Studies | ||
| 650 |
_aPersonal Management _9106563 |
||
| 700 | _aICFAI | ||
| 906 | _b112 | ||
| 999 |
_c85056 _d85056 |
||